Volga Tatarları (Record no. 12542)

MARC details
000 -BAŞLIK
Sabit Uzunlukta Kontrol Alanı 00900na a2200277 4500
001 - KONTROL NUMARASI
Denetim Alanı 24602
003 - KONTROL NUMARASI IDENTIFIER
Denetim Alanı MIRAKIL
005 - SON İŞLEM TARİHİ VE ZAMANI
Denetim Alanı 20190109120944.0
008 - SABİT-BOY VERİ ELEMANLARI - GENEL BİLGİLER
Sabit Uzunlukta Kontrol Alanı 181217b tu 000 0
020 ## - ULUSLARARASI STANDART KİTAP NUMARASI
Uluslararası Standart Kitap Numarası 9754707626
041 ## - DİL KODU
Metin / Ses Parça Veya Ayrı Başlığın Dil Kodu tur
082 ## - DEWEY ONLU SINIFLANDIRMA NUMARASI
Sınıflandırma Numarası 909.0483047
Ürün Numarası R66v 2000
090 ## - SINIFLAMA NUMARASI
Sınıflama Numarası 909.0483047 R66v 2000
100 ## - ANA GİRİŞ - KİŞİSEL İSİM
Kişisel Ad Rorlıch, Azade Ayşe
245 ## - BAŞLIK TABLOSU
Başlık Volga Tatarları
Başlığın Kalan yüzyılları aşan milli kimlik
Sorumluluk Tablosu, Vb Azade-Ayşe Rorlich ; çeviren: Mehmet Süreyya Er
246 ## - UNVAN FORM VARYING
Başlık Doğru / Kısa Başlığı yüzyılları aşan milli kimlik
260 ## - YAYIN, DAĞITIM, VB
Yayın, Dağıtım, Vb Yeri İstanbul
Yayıncı, Dağıtıcı, Vs Adı İletişim Yayınları
Yayın, Dağıtım, Vb Tarihi 2000
Üretici Firma Şefik Matbaası
300 ## - FİZİKSEL TANIM
Kapsam 392 s.
Diğer Fiziksel Ayrıntıları hrt.
Boyutlar 19 sm.
440 ## - SERİSİ TABLOSU / KATMA GİRİŞİ - BAŞLIK
Başlık İletişim Yayınları
Hacim / Ardışık Tanımı 620
490 ## - SERİSİ TABLOSU
Seri Beyanı Tarih Dizisi
Hacim / Ardışık Tanımı 9
504 ## - KAYNAKÇA VB NOT
Kaynakça Vb Notu Kaynakça ve dizin var.
650 ## - KONU KATMA GİRİŞ - TOPİKAL DÖNEM
Topikal Süreli Veya Coğrafi Ad Giriş Elemanı Tatarlar
Genel Alt Bölümü Rusya Federasyonu
Kronolojik Alt Bölümü Tarih
700 ## - KATMA GİRİŞ - KİŞİSEL İSİM
Kişisel Ad Er, Mehmet Süreyya
Relator Terim çev.
740 ## - KATMA GİRİŞ - KONTROLSUZ İLGİLİ / ANALİTİK BAŞLIK
Kontrol Edilmeyen / İlgili Analitik Başlıktaki yüzyılları aşan milli kimlik
942 ## - EKLENDİ GİRİŞ ELEMANLARI (KOHA)
Sınıflandırma Veya Raf Düzeni Kaynak Dewey Decimal Classification
Koha Öğesi Türü Books
999 ## - SİSTEM KONTROL NUMARALARI (KOHA)
Koha Biblionumber 12542
Koha Biblioitemnumber 12542
Holdings
Kalıcı Konum Mevcut Konum Edinme Tarihi Edinim Kaynak Toplam Check-Out'Lar Tam Çağrı Numarası Barkod Tarih Son Görülme İtibaren Geçerli Fiyatlar Koha Öğesi Türü
CHP Kütüphanesi CHP Kütüphanesi 01/09/2019 Bağış   909.0483047 R66v 2000 018679 01/09/2019 01/09/2019 Books